000 00576nam a22001817a 4500
020 _a9769692317306
082 _a294.5923
_bNAR
100 _aAshan,naeem
245 _aMaha Bharat/
_cAshan Naeem,
260 _aLahore ;
_bNigarsaat,
_c2021.
300 _a208p. :
_c25cm.
563 _aHB
650 _aMahābhārata – Hindu mythology – Epic literature
_9129594
880 _6100-01\(3\r
_aاحسن نعیم,
880 _6245-02\(3\r
_a مہا بھارت/
_bاحسن نعیم,
880 _6260-03\(3\r
_aلاہور ؛
_bنگارشات,
_c2021.
942 _2ddc
_cBK
999 _c614209
_d614209